Trường ca xa nhà của người Hà Nhì, huyện Mường Tè, tỉnh Lai Châu
Nội dung sách giới thiệu về Xa nhà ca của người Hà Nhì. Một số đặc điểm nội dung chủ yếu, một số đặc điểm về thể loại... của trường ca xa nhà của người Hà Nhì, huyện Mường Tè, tỉnh Lai Châu....
Na minha lista:
| Autor principal: | |
|---|---|
| Formato: | Livro |
| Idioma: | Undetermined |
| Publicado em: |
Hà Nội
Khoa học Xã hội
2015
|
| Assuntos: | |
| Tags: |
Adicionar Tag
Sem tags, seja o primeiro a adicionar uma tag!
|
| Thư viện lưu trữ: | Trung tâm Học liệu Trường Đại học Cần Thơ |
|---|
| LEADER | 00960nam a2200193Ia 4500 | ||
|---|---|---|---|
| 001 | CTU_226764 | ||
| 008 | 210402s9999 xx 000 0 und d | ||
| 082 | |a 398.809597 | ||
| 082 | |b S464 | ||
| 100 | |a Trần, Hữu Sơn | ||
| 245 | 0 | |a Trường ca xa nhà của người Hà Nhì, huyện Mường Tè, tỉnh Lai Châu | |
| 245 | 0 | |c Trần Hữu Sơn (chủ biên) | |
| 260 | |a Hà Nội | ||
| 260 | |b Khoa học Xã hội | ||
| 260 | |c 2015 | ||
| 520 | |a Nội dung sách giới thiệu về Xa nhà ca của người Hà Nhì. Một số đặc điểm nội dung chủ yếu, một số đặc điểm về thể loại... của trường ca xa nhà của người Hà Nhì, huyện Mường Tè, tỉnh Lai Châu. | ||
| 650 | |a Dân ca, người Việt,Folk songs, Vietnamese | ||
| 910 | |b dqhieu | ||
| 980 | |a Trung tâm Học liệu Trường Đại học Cần Thơ | ||